Statistiques concernant Culture Générale - Série 1321

Cliquez ici pour prendre le quiz!

Statistiques générales

  • Ce quiz a été pris 43 fois
  • Le résultat moyen est 6 sur 10

Statistiques - réponses

QuestionRéponse% Correct
D'après l'expression, quel poisson y a-t-il "sous roche" quand une affaire n'est pas claire ?anguille
95%
Le 8 août 1786, de quel sommet le docteur Paccard et le guide Jacques Balmat réussissent-ils la première ascension ?Mont Blanc
88%
Quel pays sépare le Panama du Nicaragua ?Costa Rica
76%
Quel petit chien porte le nom des habitants d'une capitale asiatique ?pékinois
74%
Quelle ville bordée par la mer des Caraïbes est la préfecture de la Martinique ?Fort-de-France
60%
Dans quel État insulaire d'Océanie, dont la capitale est Apia, est enterré l'écrivain Robert Louis Stevenson ?Samoa
55%
Dans quel département se trouvent les villes de Langres, Chaumont et Saint-Dizier ?Haute-Marne
50%
Quelle rivière, affluent de la Loire, passe à Montluçon et à Vierzon ?Cher
38%
Qui était le père de la première épouse de Michael Jackson ?Elvis Presley
36%
De quel État des États-Unis Bill Clinton était-il gouverneur, avant d'accéder à la Maison Blanche ?Arkansas
26%

Distribution des résultats

Percentile par nombre de réponses

% des personnes avec chaque résultat

Votre développement - résultats

Vous n’avez pas pris ce quiz